000 00640nam a22002177a 4500
003 UA-OsUOA
001 80914
007 ta
008 20111228b un ||||| |||| 00| 0 ukr d
100 _aНежива Л.
090 _a82
_bН43
942 _cSA
040 _aUA-OsUOA
_bukr
_cUA-OsUOA
_dUA-OsUOA
245 _aФормувння в учнів цілісного образу світу під час вивчення літературних напрямів
300 _aС.27-32
955 _a0
041 _aukr
080 _a82
773 0 _w80912
650 7 _a82 Література. Літературознавство
_2UDC
999 _c367193
_d367193